Las masculinidades en la transición (Registro nro. 759577)
[ vista simple ]
| 001 - NÚMERO DE CONTROL | |
|---|---|
| campo de control | 1467746 |
| 005 - FECHA Y HORA DE LA ÚLTIMA TRANSACCIÓN | |
| campo de control | 20260508091202.0 |
| 008 - DATOS DE LONGITUD FIJA--INFORMACIÓN GENERAL | |
| campo de control de longitud fija | 170616s2015 spa |
| 020 ## - NÚMERO INTERNACIONAL ESTÁNDAR DEL LIBRO | |
| Número Internacional Estándar del Libro | 9788416491025 |
| 035 ## - NÚMERO DE CONTROL DEL SISTEMA | |
| Número de control de sistema | 1467746 |
| 040 ## - FUENTE DE LA CATALOGACIÓN | |
| Centro/agencia transcriptor | comduadb |
| 041 ## - CÓDIGO DE LENGUA | |
| Código de lengua del texto/banda sonora o título independiente | spa |
| 082 #4 - NÚMERO DE LA CLASIFICACIÓN DECIMAL DEWEY | |
| Número de clasificación | 306 |
| 100 10 - ENTRADA PRINCIPAL--NOMBRE DE PERSONA | |
| Nombre de persona | Mérida Jiménez, Rafael M. |
| Código de función | edt |
| Término indicativo de función/relación | Editor/a |
| 9 (RLIN) | 756045 |
| 245 14 - MENCIÓN DE TÍTULO | |
| Título | Las masculinidades en la transición |
| 260 ## - PUBLICACIÓN, DISTRIBUCIÓN, ETC. | |
| Lugar de publicación, distribución, etc. | Barcelona : |
| Nombre del editor, distribuidor, etc. | Egales, |
| Fecha de publicación, distribución, etc. | 2015. |
| 300 ## - DESCRIPCIÓN FÍSICA | |
| Extensión | 230 páginas |
| 490 0# - MENCIÓN DE SERIE | |
| Mención de serie | Colección G |
| 505 ## - NOTA DE CONTENIDO CON FORMATO | |
| Nota de contenido con formato | CONTENIDO : Introducción: Masculinidades en transición / Dieter Ingenschay. -- I: Ideología, masculinidades y activismo: el Movimiento de Liberación Gay Español / Kerman Calvo. -- II: Archivos incompletos. -- Un análisis de la ausencia de representaciones de masculinidades femeninas en el contexto español (1970-1995) / Gracia Trujillo. -- III: Proyectos corporales, género e identidad en España: del travestí al transexual (1970-1995) / Óscar Guach y Jordi Mas. -- IV: No te hagas la loca: el debate "homosexual" sobre la masculinidad en Argentina y España (1977-1981) / Jorge Luis Peralta. -- V: La masculinidad desvestida: atuendo y accesorios masculinos en cuatro personajes femeninos de la literatura hispana / Elena Madrigal Rodríguez. -- VI: De Rodríguez Méndez a Olea / Azcona: flores de otoño en fuga / Rafael Mérida Jiménez. -- VII: La pastoral queer: homoerotismos rurales en el cine de la Transición / Alberto Mira. -- VIII: Encarnaciones: cuerpo, clase y nación en el cine gay de Eloy de la Iglesia / Alfredo Martínez-Expósito. -- IX: Desmasculinizando: el cuestionamiento de la masculinidad imperante en el arte y la cultura en España (1970-1995) / Juan Vicente Aliaga. -- X: Notas para dos antihéroes novelescos de Terenci Moix y Lourdes Ortiz / Jaume Pont y José Luis Ramos. -- XI: Los "invertidos" en Barcelona. Masculinidades cuestionadas durante el franquismo en los archivos judiciales / Geoffroy Huard. -- XII: Sexualidades marginadas en España (1970-1995): una bibliografía selecta de fuentes secundarias / Estrella Díaz Fernández. |
| 520 3# - SUMARIO, ETC. | |
| Sumario, etc. | RESUMEN: "En sintonía con el creciente interés hacia el estudio de las masculinidades en el campo de las humanidades y ciencias sociales, el presente volumen ofrece un conjunto de ensayos e investigaciones que abordan el tema en un periodo especialmente significativo de la historia española reciente. Tras la muerte de Franco en 1975 y la derogación, en 1979, de algunos artículos de la Ley de Peligrosidad y Rehabilitación Social (1970) -utilizada para perseguir y criminalizar a lesbianas, homosexuales y transexuales bajo la dictadura- se abrió un periodo de importantes transformaciones, examinadas aquí a la luz de los estudios culturales, de género o la teoría queer." |
| 650 #7 - PUNTO DE ACCESO ADICIONAL DE MATERIA--TÉRMINO DE MATERIA | |
| Término de materia o nombre geográfico como elemento de entrada | Masculinidad |
| Fuente del encabezamiento o término | lemb |
| 9 (RLIN) | 65266 |
| 650 ## - PUNTO DE ACCESO ADICIONAL DE MATERIA--TÉRMINO DE MATERIA | |
| Término de materia o nombre geográfico como elemento de entrada | Comunidad LGBTI |
| 9 (RLIN) | 190198 |
| 650 ## - PUNTO DE ACCESO ADICIONAL DE MATERIA--TÉRMINO DE MATERIA | |
| Término de materia o nombre geográfico como elemento de entrada | Movimiento gay - España |
| 9 (RLIN) | 213922 |
| 650 ## - PUNTO DE ACCESO ADICIONAL DE MATERIA--TÉRMINO DE MATERIA | |
| Término de materia o nombre geográfico como elemento de entrada | Homosexualidad - España |
| 9 (RLIN) | 158483 |
| 650 #7 - PUNTO DE ACCESO ADICIONAL DE MATERIA--TÉRMINO DE MATERIA | |
| Término de materia o nombre geográfico como elemento de entrada | Teoría queer |
| Fuente del encabezamiento o término | armarc |
| 9 (RLIN) | 96223 |
| 650 #7 - PUNTO DE ACCESO ADICIONAL DE MATERIA--TÉRMINO DE MATERIA | |
| Término de materia o nombre geográfico como elemento de entrada | Travestismo |
| Fuente del encabezamiento o término | lemb |
| 9 (RLIN) | 96989 |
| 700 10 - ENTRADA AGREGADA--NOMBRE PERSONAL | |
| Nombre de persona | Peralta , Jorge Luis |
| Código de función | edt |
| Término indicativo de función/relación | Editor/a |
| 9 (RLIN) | 731964 |
| 942 ## - ELEMENTOS DE ENTRADA AGREGADA (KOHA) | |
| Tipo de ítem Koha | Libros |
| Estado de retiro | Estado de pérdida | Estado dañado | No para préstamo | Código de colección | Localización permanente | Ubicación/localización actual | Fecha de adquisición | Fuente de adquisición | Coste, precio normal de compra | Número de inventario | Total de préstamos | Signatura topográfica completa | Código de barras | Fecha visto por última vez | Fecha del último préstamo | Número de copia | Precio válido a partir de | Tipo de ítem Koha |
|---|---|---|---|---|---|---|---|---|---|---|---|---|---|---|---|---|---|---|
| Colección General Piso 2 | Biblioteca Carlos Gaviria Díaz, Campus Medellín | Biblioteca Carlos Gaviria Díaz, Campus Medellín | 16/06/2017 | Buscalibre | 76800.00 | C1263746 | 1 | 306.76 M395 | 1025938 | 23/09/2025 | 13/10/2023 | 1 | 03/05/2023 | Libros |